000 00645nam a2200205Ia 4500
001 15029
003 GE_BSU
008 181216s||||||||xx |||||||||||||| ||und||
040 _cGE_BSU
080 _a512.54
100 _aВейль,Герман
245 _aКлассические группы их инварианты и представления
245 _cПер. с англ. Д.А.Райкова
260 _aМосква
260 _bГосиздат
260 _c1947
300 _a408стр.22см.
653 _aКлассические группы их инварианты и представления
942 _cBK
999 _c48147
_d48147